000 00841nam a2200265Ia 4500
003 OSt
005 20220923211313.0
006 a|||||r|||| 00| 0
007 ta
008 220922b |||||||| |||| 00| 0 hin d
020 _a9788180313141 (HBK)
024 _a245,927
037 _cTextual
040 _aARTS
_cARTS
_bhin
041 _2hin
_ahin
082 _aO152,3:gN, K6;N2
100 _aनामवर सिंह
245 0 _aकहानी
_b नयी कहानी
246 _aKahānī: nayī kahānī
260 _aइलाहाबाद
_b लोकभारती प्रकाशन
_c1992
300 _a186पृ.
_ccm.
650 _aहिन्दी साहित्य
_9156264
942 _hO152,3:gN, K6;N2
_cTEXL
_2CC
999 _c298298
_d298298